00478nam a22001577a 450000500170000000800410001702000150005804100130007308200150008610000250010124500700012625000200019626000470021630000310026365000260029420231031072648.0231031b |||||||| |||| 00| 0 eng d a0702124036 aEnglish  a347.1 STR  aStrauss, SlEnglish  aYou in the Small Claims Court : ba practical guide / cS Strauss aSecond Edition  aCape Town : bJuta and Company Ltd, c1990 bxvi, 138 pages ; c23 cm.  alegal practice bLaw